| 000 | 00771nam a2200217Ia 4500 | ||
|---|---|---|---|
| 005 | 20140217111226.0 | ||
| 008 | 130821s1998 xx a gs eng | ||
| 040 |
_aCo-BoUCM _bspa |
||
| 041 | 0 | 0 | _aeng |
| 092 | _aDVD 0346 | ||
| 245 | 1 | 0 |
_aTreasure! King Herod's Lost City _c[DVD] |
| 260 |
_a[Lugar desconocido] _bGreystyone Communications; A&E Network _c1998 |
||
| 300 |
_a1 DVD _bson., color |
||
| 508 | _aCREDITOS : Dirigida y Producida, Martin Kent; Productor Ejecutivo, Carig Haffner, Donna E. Lusitana; Editor, Margaret Moore; Narrador, Stuart Nelson. | ||
| 546 | _aAudio en Inglés. | ||
| 650 | 0 | 4 |
_aEntretenimiento _926487 |
| 700 |
_aKent, Martin _edir. |
||
| 710 | _aA&E Network | ||
| 710 | _aGreystyone Communications | ||
| 942 |
_cMULTIMEDIA _2LOCAL _a11 _e1 |
||
| 999 |
_c55902 _d55902 |
||